000 00594nam a22001937a 4500
003 0
005 20160609165258.0
008 100113t xxu||||| |||| 00| 0 eng d
037 _aM15342
_bBIBLIO
040 _aUAC
_bF
_cEPAC
082 _a27.APE/ASS
100 _aOrgely Doris I. ASSOGBA
_92809
245 _aApprovisionnement et consommation du bois de feu dans la ville de Porto novo
260 _aEPAC
_bBIBLIO
_c2007-2008
300 _aI-50p
_c29cm
500 _aMEM ECOLE POLYTECHNIQUE D'ABOMEY-CALAVI (UAC) 2008
650 _aAPPROVISIONNEMENT CONSOMMATION BOIS
_92810
942 _cTHE
999 _c46721
_d46721